000 00391nam a22001577a 4500
999 _c144465
_d144465
020 _a9788194001348
082 _aM1
_bBIN/V
100 _aBindhu Prathap
245 _aVarichillakal Pookkumbol/
_cby Bindhu Prathap
260 _aKozhikode:
_bDhwani Books,
_c2019.
300 _a96p.
650 _aPoetry Malayalam
650 _aLiterature Malayalam
650 _aLiterature
942 _cBK